000 00661nam a2200289Ia 4500
005 20260324142007.0
008 008 260324s9999 xx 000 0 eng d
020 _a9780203737880
037 _aEBOOK
040 _aCRL
040 _beng
040 _cCRL
041 _2eng
041 _aeng
084 _qCRL
100 _aM.G Benedict
_91210287
245 0 _aSuper-radiance
245 0 _bMultiatomic Coherent Emission
260 _bTaylor and Francis
260 _c1996
365 _a
365 _b640
856 _uhttp://www.taylorfrancis.com/books/9780203737880
942 _cEBOOK
999 _c1813969
_d1813969